Crítica del discernimiento /
Guardat en:
| Autor principal: | |
|---|---|
| Altres autors: | , |
| Format: | Llibre |
| Idioma: | espanyol |
| Publicat: |
Madrid, España :
Antonio Machado Libros,
2016, c2016
|
| Col·lecció: | (Machado Lectus ;
2) |
| Matèries: | |
| Etiquetes: |
Sense etiquetes, Sigues el primer a etiquetar aquest registre!
|
MARC
| LEADER | 00000nam^a2200000^a^4500 | ||
|---|---|---|---|
| 001 | 000403721 | ||
| 005 | 20250521000000.0 | ||
| 009 | 20260310121745.204 | ||
| 020 | |a 978-84-7774-385-9 | ||
| 037 | |a Acervo ITESO - Biblioteca | ||
| 041 | |a ESP | ||
| 082 | |a 142. 3 |b KAN OBR CRJ | ||
| 100 | |a Kant, Immanuel |e (autor) | ||
| 240 | 1 | 1 | |a [Crítica del juicio] |
| 245 | 1 | 0 | |a Crítica del discernimiento / |c I. Kant ; ed. y tr. por R.R. Aramayo, S. Mas Torres. |
| 264 | 4 | |a Madrid, España : |b Antonio Machado Libros, |c 2016, c2016 | |
| 300 | |a 471 p. | ||
| 336 | |a texto |b txt |2 rdacontenido | ||
| 337 | |a sin mediación |b n |2 rdamedio | ||
| 338 | |a volumen |b nc |2 rdasoporte | ||
| 440 | 1 | |a (Machado Lectus ; |v 2) | |
| 500 | |a Traducción de: Kritik der Urteilskraft | ||
| 521 | |a 2019 BO Licenciatura en Filosofía y Ciencias Sociales | ||
| 545 | 0 | |a Immanuel Kant (1724-1804), filósofo alemán, realizó estudios de física y matemáticas y ejerció la docencia en lógica y metafísica en la Universidad de Königsberg. Sus planteamientos inauguraron una nueva teoría del conocimiento y una nueva moral. Con la primera, supera la oposición entre racionalismo y empirismo a través de sus proposiciones analíticas y sintéticas, que se dividen en a priori y a posteriori. Con la segunda, postula a la razón como la autoridad última de la moral, pues lo que cuenta en sí no son los hechos, sino el motivo del actuar. Entre sus obras se encuentran Crítica de la razón pura, Crítica de la razón práctica, Crítica del juicio, La religión dentro de los límites de la mera razón, La paz perpetua, Observaciones sobre el sentimiento de lo bello y lo sublime, y otras. | |
| 649 | |a XX | ||
| 650 | |a Juicio (Lógica) - |x Tema Principal | ||
| 650 | |a Estética | ||
| 650 | |a Teleología | ||
| 650 | |a Criticismo - |x Tema Principal | ||
| 650 | |a Filosofía Moderna | ||
| 650 | |a Filosofía Alemana | ||
| 700 | |a Aramayo, Roberto R. |e (edición) | ||
| 700 | |a Mas Torres, Salvador |e (edición) | ||
| 910 | |a Fondo General | ||
| 920 | |a Impresos - Libros | ||
| 930 | |a Colección General | ||
| 905 | |a 101 | ||
| 901 | |a 0500299108 |b IT1 |c ACC |i c160325 |u 20250521 | ||
| 901 | |a 0500299105 |b IT1 |c ACC |i c160326 |u 20250521 | ||
| 902 | |a https://opac.biblio.iteso.mx/vufind/Record/000403721 | ||